| 000 | 00971nam a22002295i 4500 | ||
|---|---|---|---|
| 001 | 176824 | ||
| 003 | ES-MaACL | ||
| 005 | 20251011063156.0 | ||
| 008 | 110214s1959 sp |||| | spa d | ||
| 080 | _a272(460.224 Z.) | ||
| 100 | 0 |
_aPérez, Antonio, _d1540-1611 _990557 |
|
| 245 | 1 | 3 |
_aUn pedaço de historia de lo sucedido en Çaragoça de Aragón, a 24 de setiembre, del año 1591 _b: (Pau, 1591) / _cAntonio Pérez ; [noticia bibliográfica por Antonio Pérez Gómez]. |
| 260 |
_aValencia : _bLa fonte que mana y corre, _c1959. |
||
| 300 |
_aXXII, 127 p. ; _c18 cm. |
||
| 490 | 1 |
_aDuque y marqués : opúsculos literarios rarísimos ; _v14 |
|
| 500 | _aReproducción facs. de la port. | ||
| 650 | 4 |
_aInquisición- _zZaragoza. _9145166 |
|
| 700 | 0 |
_aPérez y Gómez, Antonio, _d1902-1976 _991216 |
|
| 830 | 0 |
_aDuque y marqués : opúsculos literarios rarísimos ; _v14 _9190262 |
|
| 852 |
_aES-MaACL _jE-14301 _xOlim P-292 |
||
| 999 |
_c176824 _d176824 |
||